| 000 | 01332cam a2200325 i 4500 | ||
|---|---|---|---|
| 001 | 66462 | ||
| 003 | Mx-PuUPA | ||
| 005 | 20260415160722.0 | ||
| 008 | 161027s2015 mpua gr 000 0 spa d | ||
| 020 | _a9786078093632 | ||
| 040 |
_aMX-PuUPA _bspa _erda _cMx-PuUPA _dMx-PuUPA |
||
| 041 | 0 | _aspa | |
| 043 | _bn-mx-pu | ||
| 110 | 2 |
_aUniversidad Popular Autónoma del Estado de Puebla, _96081 |
|
| 245 | 1 | 4 |
_aDel imaginario social a la fe : _bGuadalupe / _cUniversidad Popular Autónoma del Estado de Puebla ; Dulce María Judith Pérez Torres, Esteban Miguel León Ochoa, Viridiana Vera Gracia [y otros tres] |
| 250 | _aPrimera edición | ||
| 264 | 1 |
_aPuebla, México : _bUniversidad Popular Autónoma del Estado de Puebla, _c2015 |
|
| 300 |
_a123 páginas : _bilustraciones (en blanco y negro) ; _c21 cm |
||
| 336 |
_atexto _2rdacontent _btxt |
||
| 337 |
_asin medio _2rdamedia _bn |
||
| 338 |
_avolumen _2rdacarrier _bnc |
||
| 600 | 0 | 4 |
_aVirgen de Guadalupe _xApariciones y milagros _xHistoria |
| 650 | 7 |
_aCatolicismo _zMéxico _xHistoria _2armarc |
|
| 700 | 1 |
_aPérez Torres, Dulce María Judith, _eautor _93088 |
|
| 700 | 1 |
_aLeón Ochoa, Esteban Miguel, _eautor _93089 |
|
| 700 | 1 |
_aVera Gracia, Viridiana, _eautor _94228 |
|
| 942 |
_h232.917 _iD33 _cLI _2ddc |
||
| 999 |
_c66462 _d66462 |
||